Phipson on evidence / (Record no. 614067)

000 -LEADER
fixed length control field 01627cam a2200469 i 4500
001 - CONTROL NUMBER
control field 22677202
005 - DATE AND TIME OF LATEST TRANSACTION
control field 20250703085033.0
008 - FIXED-LENGTH DATA ELEMENTS--GENERAL INFORMATION
fixed length control field 210713s2022 enk b 001 0 eng d
010 ## - LIBRARY OF CONGRESS CONTROL NUMBER
LC control number 2021387067
020 ## - INTERNATIONAL STANDARD BOOK NUMBER
International Standard Book Number 9780414099487
Qualifying information (print and e-book)
020 ## - INTERNATIONAL STANDARD BOOK NUMBER
International Standard Book Number 9780414099470
Qualifying information (hardcover)
020 ## - INTERNATIONAL STANDARD BOOK NUMBER
Canceled/invalid ISBN 9780414099494
Qualifying information (electronic book)
035 ## - SYSTEM CONTROL NUMBER
System control number 22677202
035 ## - SYSTEM CONTROL NUMBER
System control number (OCoLC)1260133382
040 ## - CATALOGING SOURCE
Original cataloging agency YDX
Language of cataloging eng
Transcribing agency YDX
Description conventions rda
Modifying agency YDX
-- OCLCO
-- OCLCF
-- OCLCO
-- IL4J6
-- RCJ
-- DLC
042 ## - AUTHENTICATION CODE
Authentication code lccopycat
043 ## - GEOGRAPHIC AREA CODE
Geographic area code e-uk---
050 00 - LIBRARY OF CONGRESS CALL NUMBER
Classification number KD7499
Item number .P46 2022
080 ## - UNIVERSAL DECIMAL CLASSIFICATION NUMBER
Universal Decimal Classification number 347.94(42)
082 04 - DEWEY DECIMAL CLASSIFICATION NUMBER
Classification number 347.4206
Edition number 23
Author Mark PHI
245 00 - TITLE STATEMENT
Title Phipson on evidence /
Statement of responsibility, etc. general editor, Hodge M. Malek.
250 ## - EDITION STATEMENT
Edition statement Twentieth edition.
264 #1 - PRODUCTION, PUBLICATION, DISTRIBUTION, MANUFACTURE, AND COPYRIGHT NOTICE
Place of production, publication, distribution, manufacture London :
Name of producer, publisher, distributor, manufacturer Sweet & Maxwell,
Date of production, publication, distribution, manufacture, or copyright notice 2022.
300 ## - PHYSICAL DESCRIPTION
Extent ccclxvii, 1832 pages ;
Dimensions 24 cm.
336 ## - CONTENT TYPE
Content type term text
Content type code txt
Source rdacontent
337 ## - MEDIA TYPE
Media type term unmediated
Media type code n
Source rdamedia
338 ## - CARRIER TYPE
Carrier type term volume
Carrier type code nc
Source rdacarrier
490 0# - SERIES STATEMENT
Series statement The common law library
500 ## - GENERAL NOTE
General note Previous edition: 2018.
504 ## - BIBLIOGRAPHY, ETC. NOTE
Bibliography, etc. note Includes bibliographical references and index.
650 #0 - SUBJECT ADDED ENTRY--TOPICAL TERM
Topical term or geographic name entry element Evidence (Law)
Geographic subdivision Great Britain.
9 (RLIN) 129372
650 #6 - SUBJECT ADDED ENTRY--TOPICAL TERM
Topical term or geographic name entry element Preuve (Droit)
Geographic subdivision Grande-Bretagne.
9 (RLIN) 129373
650 #7 - SUBJECT ADDED ENTRY--TOPICAL TERM
Topical term or geographic name entry element Evidence (Law)
Source of heading or term fast
Authority record control number or standard number (OCoLC)fst00917186
9 (RLIN) 129374
650 #7 - SUBJECT ADDED ENTRY--TOPICAL TERM
Topical term or geographic name entry element Evidence (Law)
Geographic subdivision Great Britain.
Source of heading or term nli
9 (RLIN) 129372
651 #7 - SUBJECT ADDED ENTRY--GEOGRAPHIC NAME
Geographic name Great Britain.
Source of heading or term fast
Authority record control number or standard number (OCoLC)fst01204623
700 1# - ADDED ENTRY--PERSONAL NAME
Personal name Malek, Hodge M.,
Relator term editor.
9 (RLIN) 129375
830 #0 - SERIES ADDED ENTRY--UNIFORM TITLE
Uniform title Common law library.
9 (RLIN) 129376
906 ## - LOCAL DATA ELEMENT F, LDF (RLIN)
a 7
b cbc
c copycat
d 2
e ncip
f 20
g y-gencatlg
942 ## - ADDED ENTRY ELEMENTS (KOHA)
Source of classification or shelving scheme
Koha item type Book
Holdings
Withdrawn status Lost status Source of classification or shelving scheme Damaged status Not for loan Permanent Location Current Location Date acquired Total Checkouts Full call number Barcode Date last seen Price effective from Koha item type Serial Enumeration / chronology
          NUST Law School (NLS) NUST Law School (NLS) 07/03/2025   347.4206 PHI NLS-3087 07/03/2025 07/03/2025 Book  
          NUST Law School (NLS) NUST Law School (NLS) 07/03/2025   347.4206 PHI NLS-3088 07/03/2025 07/03/2025 Book Second Supplement to 20th Edition
© 2023 Central Library, National University of Sciences and Technology. All Rights Reserved.